[Event "C.to Mondiale U10"]
[Site "Oropesa del Mar ESP"]
[Date "2001.10.24"]
[Round "4"]
[White "Rombaldoni, Axel"]
[Black "Narmontas, Matas"]
[Result "0-1"]
[WhiteElo "1464"]
[BlackElo "2151"]
[PlyCount "70"]
[EventDate "2001.10.21"]

1. e4 c5 2. d4 cxd4 3. c3 dxc3 4. Nxc3 Nc6 5. Nf3 e6 6. Bf4 Bb4 7. Rc1 Nf6 8.
Bd3 d5 9. e5 Nd7 10. O-O Bxc3 11. Rxc3 f6 12. exf6 Nxf6 13. Bb5 Bd7 14. Bg5 O-O
15. Bxc6 Bxc6 16. Re1 Qd6 17. Bxf6 Rxf6 18. Qd3 Raf8 19. Ng5 Rg6 20. Rxe6 Qf4
21. h4 Qxf2+ 22. Kh2 Qxh4+ 23. Qh3 Qxh3+ 24. Rxh3 Rxg5 25. Rg3 Rxg3 26. Kxg3
Kf7 27. Re3 d4 28. Re2 Rd8 29. Kf2 Bd5 30. a3 a5 31. Rd2 Bc4 32. Kf3 a4 33. Kg3
b5 34. Kh4 d3 35. g3 Re8 0-1

[Event "C.to Mondiale U14 femminile"]
[Site "Oropesa del Mar ESP"]
[Date "2001.10.25"]
[Round "5"]
[White "Ambrosi, Eleonora"]
[Black "Chulivska, Vita"]
[Result "0-1"]
[WhiteElo "2095"]
[BlackElo "2014"]
[PlyCount "50"]
[EventDate "2001.10.21"]

1. e4 c5 2. Nf3 d6 3. d4 cxd4 4. Nxd4 Nf6 5. Nc3 a6 6. Be3 Nc6 7. Be2 e6 8. O-O
Be7 9. Kh1 O-O 10. a4 Qc7 11. f4 Re8 12. Bf3 Bf8 13. Qe1 Nxd4 14. Bxd4 e5 15.
fxe5 dxe5 16. Qg3 Bc5 17. Rad1 Bxd4 18. Rxd4 Qb6 19. Nd5 Nxd5 20. Rxd5 Qxb2 21.
Bh5 Be6 22. Rxe5 Bc4 23. Rxe8+ Rxe8 24. Qc7 Qa2 25. Qxc4 Qxc4 0-1

[Event "C.to Mondiale U14 femminile"]
[Site "Oropesa del Mar ESP"]
[Date "2001.10.29"]
[Round "8"]
[White "Rozic, Vesna"]
[Black "Ambrosi, Eleonora"]
[Result "1-0"]
[WhiteElo "2079"]
[BlackElo "2095"]
[PlyCount "145"]
[EventDate "2001.10.21"]

1. d4 e6 2. Nf3 f5 3. Bg5 Nf6 4. Nbd2 d5 5. e3 Bd6 6. Ne5 Nbd7 7. Ndf3 O-O 8.
Bd3 Qe8 9. O-O Ne4 10. Bf4 Ndf6 11. c3 Nh5 12. Bg3 Nhxg3 13. hxg3 Qh5 14. Nd2
Qh6 15. Qe1 Nf6 16. f3 Bxe5 17. dxe5 Nd7 18. f4 Nc5 19. Bc2 Bd7 20. Qe2 Qg6 21.
Kh2 Qh6+ 22. Kg1 Qg6 23. Kf2 Ne4+ 24. Nxe4 dxe4 25. Rad1 Bc6 26. Rd2 Rfd8 27.
Rfd1 Rxd2 28. Rxd2 Qe8 29. Qd1 Kf8 30. Bb3 Bb5 31. Bc2 Bc6 32. g4 Qe7 33. gxf5
Qh4+ 34. Kg1 exf5 35. Rd4 Re8 36. Qd2 Re6 37. Qf2 Qxf2+ 38. Kxf2 Ke7 39. Bd1
Rg6 40. Be2 Rh6 41. Rd1 Bd7 42. Rg1 Be6 43. a3 Rg6 44. Rh1 Bg8 45. Rh5 Rb6 46.
b4 g6 47. Rh1 a5 48. g4 axb4 49. axb4 fxg4 50. Bxg4 h5 51. Be2 Rc6 52. Rc1 Bc4
53. Bxc4 Rxc4 54. Kg3 Ke6 55. Kh4 Kf5 56. Rc2 b6 57. Rc1 b5 58. Rc2 Rc6 59. Rc1
Rc4 60. Rc2 Rc6 61. Rc1 Rc4 62. Rg1 Rxc3 63. Rg5+ Ke6 64. Rxg6+ Kf7 65. Rf6+
Ke7 66. Kxh5 Rxe3 67. Rc6 Kd7 68. Rc1 Rb3 69. f5 e3 70. e6+ Kd8 71. Rd1+ Ke8
72. f6 e2 73. Ra1 1-0

[Event "C.to Mondiale U14 femminile"]
[Site "Oropesa del Mar ESP"]
[Date "2001.11.01"]
[Round "10"]
[White "Verot, Melanie"]
[Black "Ambrosi, Eleonora"]
[Result "1-0"]
[WhiteElo "2137"]
[BlackElo "2095"]
[PlyCount "79"]
[EventDate "2001.10.21"]

1. d4 e6 2. c4 Nf6 3. Nc3 Bb4 4. Nf3 b6 5. Bg5 Bb7 6. e3 h6 7. Bh4 g5 8. Bg3
Ne4 9. Qc2 Nxg3 10. hxg3 c5 11. a3 Ba5 12. O-O-O Bxf3 13. gxf3 cxd4 14. exd4
Bxc3 15. Qxc3 Qf6 16. Bg2 Na6 17. f4 Rd8 18. fxg5 hxg5 19. Rxh8+ Qxh8 20. Bb7
Nb8 21. Qf3 Ke7 22. d5 f5 23. d6+ Kf7 24. Rh1 Qg7 25. g4 f4 26. Be4 Rh8 27. Rh5
Rxh5 28. gxh5 Qd4 29. h6 Kg8 30. Qg2 Qxc4+ 31. Bc2 Kh8 32. Qxg5 Qf1+ 33. Bd1
Qc4+ 34. Kb1 Qd3+ 35. Bc2 Qf1+ 36. Ka2 Qc4+ 37. Bb3 Qd4 38. Qd8+ Kh7 39. Qxb8
Kxh6 40. Qc7 1-0

[Event "XXIII Festival A"]
[Site "Arco ITA"]
[Date "2001.10.20"]
[Round "1"]
[White "Astengo, Marcello"]
[Black "Wohl, Aleksandar H."]
[Result "0-1"]
[WhiteElo "2076"]
[BlackElo "2379"]
[PlyCount "81"]
[EventDate "2001.10.20"]

1.d4 e6 2.Nf3 c5 3.c3 Nf6 4.Bf4 Nc6 5.e3 Be7 6.Bd3 b6 7.Nbd2 Bb7 8.O-O Nh5
9.Re1 Nxf4 10.exf4 cxd4 11.cxd4 Nb4 12.Bb1 O-O 13.f5 Rc8 14.Ne5 Qc7 15.
fxe6 dxe6 16.Re3 g6 17.Rc3 Qd6 18.Qg4 f5 19.Qg3 Qxd4 20.Nxg6 Bd6 21.Qg5 
Qg7 22.Nc4 Rxc4 23.Rxc4 Qxg6 24.Qxg6+ hxg6 25.a3 Nd5 26.Ba2 Kg7 27.Re1 Kf6
28.Rh4 Rc8 29.Bb3 Rc7 30.Rh8 Nf4 31.g3 Ne2+ 32.Kf1 Nd4 33.Ba2 Rc2 34.Rd8 
Ke7 35.Rh8 Ba6+ 36.Kg2 Rxb2 37.Rh7+ Kf6 38.Rxa7 Bb5 39.Bb1 Bc5 40.g4 Bc6+ 
41.Kg3 0-1

[Event "XXIII Festival A"]
[Site "Arco ITA"]
[Date "2001.10.20"]
[Round "1"]
[White "Balogh, Csaba"]
[Black "Ragonese, Lucio Rosario"]
[Result "1-0"]
[WhiteElo "2367"]
[BlackElo "2073"]
[PlyCount "133"]
[EventDate "2001.10.20"]

1.e4 c6 2.d4 d5 3.Nc3 dxe4 4.Nxe4 Nd7 5.Ng5 Ngf6 6.Bc4 e6 7.Qe2 Nb6 8.Bd3 
h6 9.N5f3 c5 10.dxc5 Bxc5 11.Ne5 Nbd7 12.Ngf3 Nxe5 13.Nxe5 Qa5+ 14.Bd2 Bb4
15.c3 Be7 16.O-O O-O 17.c4 Bb4 18.Bf4 Rd8 19.a3 Be7 20.b4 Qa4 21.Bc2 Qe8 
22.Be3 Bd7 23.Qf3 b6 24.Rfd1 Ba4 25.Rxd8 Rxd8 26.Bxa4 Qxa4 27.Nc6 Rd7 28.
Nxe7+ Rxe7 29.Bxh6 Rd7 30.Bg5 Ne4 31.h4 Nxg5 32.hxg5 Qc2 33.Qf4 Qb2 34.Rc1
Rd2 35.Re1 Rd7 36.Re3 Qd4 37.Qxd4 Rxd4 38.Rc3 Kf8 39.c5 bxc5 40.Rxc5 Ke7 
41.Kf1 Rd7 42.Ke2 f6 43.gxf6+ gxf6 44.Ke3 Kd6 45.Ra5 Kc6 46.Ra6+ Kd5 47.
Kd3 f5 48.Ra5+ Kd6 49.Kd4 Rd8 50.Rxa7 e5+ 51.Ke3 Rg8 52.g3 Rc8 53.Kd3 Kd5 
54.Ra5+ Kd6 55.Rc5 Ra8 56.Rc3 Kd5 57.f4 e4+ 58.Ke3 Rg8 59.Rc5+ Ke6 60.Kf2 
Ra8 61.Rc3 Kd5 62.b5 Kd4 63.Rb3 Kc4 64.Rb4+ Kc5 65.b6 Kc6 66.b7 Rb8 67.Ke3
1-0

[Event "XXIII Festival A"]
[Site "Arco ITA"]
[Date "2001.10.20"]
[Round "1"]
[White "Belotti, Bruno"]
[Black "Dahm, Gerald"]
[Result "1-0"]
[WhiteElo "2403"]
[BlackElo "2076"]
[PlyCount "65"]
[EventDate "2001.10.20"]

1.e4 e6 2.d3 d5 3.Qe2 Nc6 4.Nf3 dxe4 5.dxe4 e5 6.c3 Bg4 7.h3 Bxf3 8.Qxf3 
Qf6 9.Qg3 Bc5 10.Nd2 O-O-O 11.b4 Bd6 12.Bc4 Nge7 13.h4 Ng6 14.Qg5 Qxg5 15.
hxg5 f6 16.gxf6 gxf6 17.g4 Nce7 18.Rh5 c6 19.Nf1 Ng8 20.Ne3 b5 21.Be6+ Kb7
22.a4 Nf8 23.Bb3 a6 24.axb5 axb5 25.Nf5 Bb8 26.Ke2 Rd7 27.Be3 Ne7 28.Nh6 
Nc8 29.Nf7 Rxf7 30.Bxf7 Nd6 31.Bb3 Nxe4 32.Kd3 Nd6 33.Bh6 1-0

[Event "XXIII Festival A"]
[Site "Arco ITA"]
[Date "2001.10.20"]
[Round "1"]
[White "Blasco, Domenico"]
[Black "Scalcione, Michelangelo"]
[Result "0-1"]
[WhiteElo "2041"]
[BlackElo "2292"]
[PlyCount "106"]
[EventDate "2001.10.20"]

1.d4 Nf6 2.e3 g6 3.Nf3 Bg7 4.c4 O-O 5.Nc3 d6 6.Be2 Nbd7 7.O-O e5 8.b4 a5 
9.b5 e4 10.Nd2 Re8 11.Ba3 Nf8 12.Qc2 Bf5 13.Rfc1 h5 14.Nf1 h4 15.Nd5 Ne6 
16.Rab1 Ng4 17.Qd1 Qg5 18.Nxc7 Nxc7 19.Bxd6 Ne6 20.d5 Ne5 21.dxe6 Rxe6 22.
Bxe5 Bxe5 23.c5 Rd8 24.Qc2 Bh3 25.g3 Rf6 26.Qxe4 Bxf1 27.Bxf1 hxg3 28.fxg3
Rd2 29.Rc2 Bxg3 30.Bg2 Rxc2 31.Qxc2 Qxe3+ 32.Kh1 Rf2 33.Qb3 Bf4 34.Qxe3 
Bxe3 35.Bxb7 Bxc5 36.Bd5 Rd2 37.Bb3 Kg7 38.Rc1 Be3 39.Rc7 Rxh2+ 40.Kxh2 
Bf4+ 41.Kg2 Bxc7 42.Kf3 f5 43.Ke3 Bb6+ 44.Kd3 Kf6 45.Bg8 Ke5 46.Bf7 g5 47.
Be8 g4 48.Bd7 Kf4 49.Ke2 Kg5 50.a4 f4 51.Bc6 f3+ 52.Kd3 Kf4 53.Kc4 g3 0-1

[Event "XXIII Festival A"]
[Site "Arco ITA"]
[Date "2001.10.20"]
[Round "1"]
[White "Casagrande, Fabio"]
[Black "De Santis, Alessio"]
[Result "0-1"]
[WhiteElo "2054"]
[BlackElo "2345"]
[PlyCount "60"]
[EventDate "2001.10.20"]

1.e4 c5 2.c3 d6 3.d4 Nd7 4.Be3 b6 5.Bd3 Bb7 6.Ne2 Qc7 7.Nd2 g6 8.O-O Bg7 
9.b4 Ngf6 10.f3 O-O 11.a4 a5 12.bxc5 bxc5 13.Bb5 Rfb8 14.Nb1 e5 15.Na3 d5 
16.Bxd7 cxd4 17.cxd4 Nxd7 18.Nb5 Qd8 19.Nec3 dxe4 20.fxe4 exd4 21.Bxd4 Ne5
22.Qb3 Qe7 23.Rae1 Qb4 24.Qa2 Rf8 25.Kh1 Rad8 26.h3 Rxd4 27.Rb1 Qc5 28.
Nxd4 Qxd4 29.Nb5 Qc4 30.Qa3 Qxe4 0-1

[Event "XXIII Festival A"]
[Site "Arco ITA"]
[Date "2001.10.20"]
[Round "1"]
[White "Dittmar, Peter"]
[Black "Kamenecki, Stjepan"]
[Result "1-0"]
[WhiteElo "2316"]
[BlackElo "2046"]
[PlyCount "69"]
[EventDate "2001.10.20"]

1.d4 Nf6 2.Bg5 e6 3.e4 h6 4.Bxf6 Qxf6 5.Nf3 d6 6.c3 a6 7.Nbd2 e5 8.Bd3 
exd4 9.cxd4 Nc6 10.d5 Ne5 11.Nxe5 Qxe5 12.Qc2 Qd4 13.O-O Be7 14.Nf3 Qb6 
15.Rac1 Bd8 16.e5 O-O 17.Rfe1 dxe5 18.Nxe5 Qd6 19.h3 Bd7 20.Bh7+ Kh8 21.
Bf5 Bxf5 22.Qxf5 Bf6 23.Nd7 Bxb2 24.Nxf8 Rxf8 25.Rc2 Bf6 26.g3 g6 27.Qf3 
Kg7 28.h4 h5 29.Kg2 Bd4 30.Rc4 Bb6 31.Rf4 Kg8 32.Rf6 Qd7 33.d6 cxd6 34.Qd5
Bc5 35.Rxg6+ 1-0

[Event "XXIII Festival A"]
[Site "Arco ITA"]
[Date "2001.10.20"]
[Round "1"]
[White "Drasko, Milan"]
[Black "Stantic, Severino"]
[Result "1-0"]
[WhiteElo "2508"]
[BlackElo "2126"]
[PlyCount "97"]
[EventDate "2001.10.20"]

1.d4 Nf6 2.c4 e6 3.Nc3 d5 4.cxd5 Nxd5 5.e4 Nxc3 6.bxc3 Be7 7.Nf3 Nd7 8.Bd3
c5 9.O-O Qc7 10.Bg5 h6 11.Bxe7 Kxe7 12.e5 Rd8 13.Qe2 Nb6 14.Qe4 Bd7 15.
Rfe1 Bc6 16.Qh4+ Kf8 17.Be4 Qe7 18.Qxe7+ Kxe7 19.Bxc6 bxc6 20.dxc5 Na4 21.
Nd4 Rac8 22.Nb3 Nxc3 23.h4 Rd3 24.h5 Rc7 25.Na5 Rd5 26.Rac1 Rd3 27.Rc2 Nd5
28.Re4 Rc3 29.Rxc3 Nxc3 30.Rg4 Kf8 31.Rb4 Kg8 32.a3 Kh7 33.f3 Nb5 34.a4 
Nc3 35.Nc4 Ne2+ 36.Kf2 Nf4 37.Nb2 Nd5 38.Rb3 Rd7 39.Nc4 f6 40.g4 Ne7 41.
Nd6 Nd5 42.exf6 gxf6 43.a5 Rg7 44.Rb8 Rg8 45.Rb7+ Rg7 46.a6 Kg8 47.Nc8 Kh7
48.Nxa7 Nb4 49.Rxb4 1-0

[Event "XXIII Festival A"]
[Site "Arco ITA"]
[Date "2001.10.20"]
[Round "1"]
[White "Dubois, Martine"]
[Black "Rigo, Janos"]
[Result "0-1"]
[WhiteElo "2051"]
[BlackElo "2338"]
[PlyCount "50"]
[EventDate "2001.10.20"]

1.e4 c5 2.c3 Nf6 3.e5 Nd5 4.d4 cxd4 5.Nf3 Qc7 6.cxd4 b5 7.Be2 e6 8.O-O b4 
9.a3 a5 10.axb4 Bxb4 11.Na3 Ba6 12.Bg5 O-O 13.Rc1 Nc6 14.Bxa6 Rxa6 15.Qd3 
Qb7 16.Nc4 h6 17.Bh4 Nce7 18.Qe4 Nf5 19.Rfd1 Rb8 20.Qg4 Rc6 21.Na3 Bxa3 
22.Rxc6 Qxc6 23.bxa3 Qa4 24.Rf1 Qxa3 25.Nd2 Qd3 0-1

[Event "XXIII Festival A"]
[Site "Arco ITA"]
[Date "2001.10.20"]
[Round "1"]
[White "Godena, Michele"]
[Black "Zilahi, Gabor"]
[Result "1-0"]
[WhiteElo "2496"]
[BlackElo "2116"]
[PlyCount "79"]
[EventDate "2001.10.20"]

1.e4 c6 2.d4 d5 3.Nc3 dxe4 4.Nxe4 Bf5 5.Ng3 Bg6 6.Bc4 e6 7.N1e2 Nd7 8.Nf4 
Ngf6 9.h4 Bd6 10.h5 Be4 11.Nxe4 Nxe4 12.c3 Qe7 13.Qe2 Nef6 14.Nd3 Nd5 15.
Bd2 O-O-O 16.O-O-O h6 17.Rde1 Qf6 18.Qe4 Rde8 19.Rh3 Qd8 20.Bb3 N5f6 21.
Qf3 Rhf8 22.Ne5 Qc7 23.Nc4 c5 24.Nxd6+ Qxd6 25.dxc5 Nxc5 26.Bc2 Rd8 27.Bf4
Qb6 28.Kb1 Nd5 29.Be5 f6 30.Bd4 Nd7 31.Qg4 Ne5 32.Bxe5 fxe5 33.Rf3 Rxf3 
34.Qxf3 Qc5 35.Qe2 Nf4 36.Qxe5 Qxf2 37.g3 Nd5 38.Qxe6+ Kc7 39.Qe5+ Kc6 40.
Rd1 1-0

[Event "XXIII Festival A"]
[Site "Arco ITA"]
[Date "2001.10.20"]
[Round "1"]
[White "Isonzo, David"]
[Black "Lovati, Paolo"]
[Result "1-0"]
[WhiteElo "2343"]
[BlackElo "2052"]
[PlyCount "55"]
[EventDate "2001.10.20"]

1.e4 e6 2.d4 d5 3.Nc3 Bb4 4.e5 Qd7 5.a3 Bxc3+ 6.bxc3 b6 7.Qg4 f5 8.Qh5+ g6
9.Qf3 Ba6 10.Bxa6 Nxa6 11.a4 Ne7 12.Ne2 h6 13.O-O Kf7 14.Nf4 c5 15.Ba3 
Rac8 16.Qd3 Nb8 17.dxc5 bxc5 18.c4 g5 19.Nh5 Qc7 20.f4 Nd7 21.cxd5 Nxd5 
22.fxg5 Qxe5 23.Rae1 Qd4+ 24.Qxd4 cxd4 25.g6+ Kxg6 26.Rxe6+ Kg5 27.Ng3 Ne3
28.Be7+ 1-0

[Event "XXIII Festival A"]
[Site "Arco ITA"]
[Date "2001.10.20"]
[Round "1"]
[White "Ivanov, Mikhail M."]
[Black "Rossi, Giampiero"]
[Result "1-0"]
[WhiteElo "2418"]
[BlackElo "2097"]
[PlyCount "49"]
[EventDate "2001.10.20"]

1.Nf3 d5 2.d4 c6 3.c4 e6 4.Nbd2 Nf6 5.e3 Nbd7 6.Bd3 Bd6 7.O-O O-O 8.e4 
dxe4 9.Nxe4 Nxe4 10.Bxe4 Nf6 11.Bc2 b6 12.Bg5 h6 13.Bh4 Bb7 14.Qd3 Re8 15.
Rfe1 g5 16.Bg3 Bxg3 17.hxg3 Qd6 18.Ne5 Rad8 19.Rf1 Qxe5 20.dxe5 Rxd3 21.
Bxd3 Nd7 22.Rfe1 Kg7 23.b4 c5 24.b5 Rd8 25.Rad1 1-0

[Event "XXIII Festival A"]
[Site "Arco ITA"]
[Date "2001.10.20"]
[Round "1"]
[White "Kemeny, Matthias"]
[Black "Fercec, Nenad"]
[Result "0-1"]
[WhiteElo "2098"]
[BlackElo "2458"]
[PlyCount "138"]
[EventDate "2001.10.20"]

1.e4 c5 2.Nf3 d6 3.d4 cxd4 4.Nxd4 Nf6 5.Nc3 a6 6.f4 e6 7.Be2 Be7 8.O-O Qc7
9.Be3 O-O 10.Qe1 b5 11.a3 Bb7 12.Bf3 Nbd7 13.Nb3 Rac8 14.Qg3 Ba8 15.Rae1 
Rfe8 16.Kh1 Bf8 17.Bd4 e5 18.Be3 d5 19.fxe5 dxe4 20.Bd1 Qxe5 21.Bf4 Qf5 
22.Nd4 Qg6 23.Qh3 Nb6 24.Nf5 Nbd5 25.Bd6 Nxc3 26.Bxf8 Kxf8 27.bxc3 Rcd8 
28.Re3 Rxd1 29.Rxd1 Ng4 30.Rf1 Nxe3 31.Qxe3 Qf6 32.Kg1 Qe5 33.Nd4 Kg8 34.
Rf5 Qe7 35.Rg5 g6 36.Nf5 Qd7 37.Nd4 f6 38.Rg3 Rd8 39.h4 Bd5 40.Qh6 Qg7 41.
Qf4 Qe7 42.Nf5 Qe5 43.Nh6+ Kh8 44.Qxe5 fxe5 45.Ng4 Be6 46.Nf6 Rd1+ 47.Kf2 
Kg7 48.Nxe4 Rc1 49.Ke2 Rxc2+ 50.Kd3 Ra2 51.Nd6 Rxa3 52.Kc2 b4 53.h5 bxc3 
54.hxg6 Bb3+ 55.Kb1 c2+ 56.Kb2 Ra1 57.gxh7+ Kxh7 58.Rc3 Rb1+ 59.Ka3 c1=Q+ 
60.Rxc1 Rxc1 61.Kxb3 Kg6 62.Nc4 Kf6 63.Ne3 Re1 64.Nd5+ Ke6 65.Nc7+ Kf5 66.
Nxa6 Rg1 67.Kc3 Rxg2 68.Nb4 Rg3+ 69.Kd2 Ke4 0-1

[Event "XXIII Festival A"]
[Site "Arco ITA"]
[Date "2001.10.20"]
[Round "1"]
[White "Lettich, Sergio"]
[Black "Naumkin, Igor"]
[Result "0-1"]
[WhiteElo "2077"]
[BlackElo "2414"]
[PlyCount "52"]
[EventDate "2001.10.20"]

1.d4 e6 2.c4 f5 3.Nf3 Nf6 4.g3 Bb4+ 5.Nc3 O-O 6.Bg2 d6 7.O-O Bxc3 8.bxc3 
Qe8 9.Nd2 e5 10.e3 c5 11.Re1 Nc6 12.d5 Na5 13.Qe2 Qa4 14.Qd1 Qxd1 15.Rxd1 
b6 16.Bf1 Ba6 17.f3 Rae8 18.Nb3 Nxc4 19.a4 g5 20.Kg2 g4 21.fxg4 Nxg4 22.
Re1 Kg7 23.h3 Nf6 24.Rd1 Ne4 25.Bd2 Nexd2 26.Rxd2 Nxe3+ 0-1

[Event "XXIII Festival A"]
[Site "Arco ITA"]
[Date "2001.10.20"]
[Round "1"]
[White "Linde, Wolfgang"]
[Black "Rotstein, Arkadij"]
[Result "0-1"]
[WhiteElo "2124"]
[BlackElo "2500"]
[PlyCount "88"]
[EventDate "2001.10.20"]

1.Nf3 c5 2.c4 Nf6 3.g3 b6 4.Bg2 Bb7 5.O-O g6 6.Nc3 Bg7 7.d4 cxd4 8.Qxd4 d6
9.Bg5 Nbd7 10.Rac1 h6 11.Be3 a6 12.b3 Rb8 13.h3 O-O 14.Qd2 Kh7 15.Nd4 Bxg2
16.Kxg2 Qc8 17.Kh2 Qb7 18.f4 e6 19.Nf3 Rfd8 20.Rfd1 Bf8 21.Bd4 b5 22.cxb5 
axb5 23.Bxf6 Nxf6 24.Nd4 b4 25.Na4 Rdc8 26.Nf3 Qe4 27.Qd3 Qxd3 28.exd3 Nd5
29.Nd2 Ne3 30.Re1 Nc2 31.Re2 Nd4 32.Ree1 d5 33.Kg2 Bg7 34.Nf3 Nxf3 35.Kxf3
Bd4 36.Ke2 g5 37.fxg5 hxg5 38.Kf3 Kg6 39.Rxc8 Rxc8 40.Re2 Rc1 41.Rh2 f5 
42.g4 e5 43.gxf5+ Kxf5 44.Re2 Rd1 0-1

[Event "XXIII Festival A"]
[Site "Arco ITA"]
[Date "2001.10.20"]
[Round "1"]
[White "Loktiev, Ivan"]
[Black "Ruzzier, Dario"]
[Result "1-0"]
[WhiteElo "2353"]
[BlackElo "2068"]
[PlyCount "80"]
[EventDate "2001.10.20"]

1.d4 d5 2.Nf3 Nf6 3.c4 e6 4.Nc3 c5 5.cxd5 exd5 6.g3 Nc6 7.Bg2 Be7 8.O-O 
O-O 9.Be3 cxd4 10.Nxd4 Re8 11.Rc1 Bg4 12.h3 Bd7 13.Qc2 Na5 14.Rfd1 Nc4 15.
Bg5 Rc8 16.Qb1 Nb6 17.e3 h6 18.Bxf6 Bxf6 19.Nce2 Be5 20.Rxc8 Bxc8 21.Nb5 
Bb8 22.Nbc3 Be6 23.Nd4 Qg5 24.Nxe6 fxe6 25.e4 Rf8 26.exd5 exd5 27.Nxd5 Nc4
28.Qc2 b5 29.Qe2 Kh8 30.b3 Nd6 31.h4 Qf5 32.Rd3 Re8 33.Re3 Rxe3 34.Nxe3 
Qe5 35.Qf3 Ne8 36.Qf8+ Kh7 37.Bh3 g6 38.Ng4 Qe1+ 39.Bf1 Bxg3 40.Qxh6+ Kg8 
1-0

[Event "XXIII Festival A"]
[Site "Arco ITA"]
[Date "2001.10.20"]
[Round "1"]
[White "Popa, Claudiu"]
[Black "Vismara, Daniele"]
[Result "0-1"]
[WhiteElo "2072"]
[BlackElo "2365"]
[PlyCount "63"]
[EventDate "2001.10.20"]

1.e4 c5 2.c3 d5 3.exd5 Qxd5 4.d4 Nf6 5.Nf3 Bg4 6.Be2 e6 7.O-O Nc6 8.Be3 
cxd4 9.cxd4 Be7 10.Nc3 Qd6 11.a3 O-O 12.Qd2 Rfd8 13.Rfd1 Nd5 14.Ne4 Qc7 
15.Rac1 f5 16.Nc3 Nxe3 17.fxe3 Bf6 18.Qc2 Qe7 19.h3 Bh5 20.Kh1 Bf7 21.Bc4 
Rac8 22.Ba2 g6 23.b4 Kg7 24.Qa4 a6 25.Qb3 g5 26.Na4 g4 27.Nh2 h5 28.Nc5 
Rd6 29.b5 axb5 30.Qxb5 Nd8 31.Rb1 Be8 32.Qa5 0-1

[Event "XXIII Festival A"]
[Site "Arco ITA"]
[Date "2001.10.20"]
[Round "1"]
[White "Poropat, Marijan"]
[Black "Ortega, Lexy"]
[Result "0-1"]
[WhiteElo "2108"]
[BlackElo "2494"]
[PlyCount "54"]
[EventDate "2001.10.20"]

1.Nf3 c5 2.g3 Nc6 3.Bg2 e5 4.O-O d5 5.c4 d4 6.b4 e4 7.Ne1 Nf6 8.bxc5 Bxc5 
9.d3 e3 10.fxe3 h5 11.Qa4 Bd7 12.Nd2 h4 13.Qb5 Rh5 14.Rxf6 Qxf6 15.Ne4 Qe7
16.Ba3 a6 17.Qxb7 Rb8 18.Bxc5 Rxb7 19.Bxe7 Kxe7 20.exd4 Nxd4 21.e3 Ne2+ 
22.Kf1 Rb2 23.d4 Bg4 24.Nd3 Rf5+ 25.Ke1 Nxd4 26.exd4 Re2+ 27.Kd1 Rxg2+ 0-1

[Event "XXIII Festival A"]
[Site "Arco ITA"]
[Date "2001.10.20"]
[Round "1"]
[White "Sulava, Nenad"]
[Black "Egartner, Wolfgang"]
[Result "1-0"]
[WhiteElo "2553"]
[BlackElo "2164"]
[PlyCount "85"]
[EventDate "2001.10.20"]

1.Nf3 d5 2.d4 c6 3.c4 e6 4.g3 dxc4 5.Bg2 Nd7 6.a4 Bb4+ 7.Bd2 Qa5 8.O-O 
Ngf6 9.Na3 Bxd2 10.Nxc4 Qb4 11.Nfxd2 a5 12.Qb3 O-O 13.Qxb4 axb4 14.Nb3 Nd5
15.a5 Rd8 16.Rfc1 Nc7 17.e3 Na6 18.f4 f6 19.h4 Rb8 20.Bh3 Nf8 21.Nb6 Bd7 
22.Nc5 Nxc5 23.Rxc5 Be8 24.Ra4 b3 25.Rb4 Bf7 26.Kf2 e5 27.fxe5 Ne6 28.Bxe6
Bxe6 29.e4 Rf8 30.Ke3 fxe5 31.Rxe5 Bg4 32.Kd3 Rf2 33.Rxb3 Rbf8 34.Kc4 Bd1 
35.Rc3 Rxb2 36.d5 Be2+ 37.Kc5 Rd8 38.Re7 Rb5+ 39.Kd4 Rxa5 40.Rxb7 cxd5 41.
Nxd5 Ra4+ 42.Ke3 Ba6 43.Re7 1-0

[Event "XXIII Festival A"]
[Site "Arco ITA"]
[Date "2001.10.20"]
[Round "1"]
[White "Tocco, Paolo"]
[Black "Slobodjan, Roman"]
[Result "0-1"]
[WhiteElo "2134"]
[BlackElo "2522"]
[PlyCount "46"]
[EventDate "2001.10.20"]

1.e4 d6 2.d4 g6 3.Nc3 Bg7 4.Be3 a6 5.Qd2 b5 6.a3 Bb7 7.Be2 Nd7 8.Nh3 Ngf6 
9.f3 e5 10.Nf2 exd4 11.Bxd4 O-O 12.g4 c5 13.Be3 d5 14.Bh6 Bxh6 15.Qxh6 
dxe4 16.g5 e3 17.Nd3 Ng4 18.fxg4 Bxh1 19.O-O-O Bc6 20.Ne5 Nxe5 21.Rxd8 
Raxd8 22.Qh3 Rfe8 23.Qxe3 Nd3+ 0-1

[Event "XXIII Festival A"]
[Site "Arco ITA"]
[Date "2001.10.21"]
[Round "2"]
[White "Ager, Josef"]
[Black "Ivanov, Mikhail M."]
[Result "0-1"]
[WhiteElo "2239"]
[BlackElo "2418"]
[PlyCount "70"]
[EventDate "2001.10.20"]

1.d4 Nf6 2.c4 c5 3.d5 b5 4.Nd2 bxc4 5.e4 Bb7 6.Bxc4 e6 7.Qf3 exd5 8.exd5 
Qc7 9.Ne2 Qe5 10.Qf4 Qxf4 11.Nxf4 g5 12.Nh3 h6 13.O-O Bxd5 14.Bxd5 Nxd5 
15.f4 g4 16.Nf2 f5 17.Nc4 Nc6 18.Re1+ Kd8 19.Be3 Nb6 20.Ne5 Nxe5 21.fxe5 
Nc4 22.b3 Nxe5 23.Bd4 Nf3+ 24.gxf3 cxd4 25.fxg4 fxg4 26.Rad1 h5 27.Rxd4 
Bc5 28.Rd5 Rc8 29.Re2 Bb6 30.Red2 Rh7 31.Kg2 Rc1 32.h3 g3 33.Kxg3 Rg1+ 34.
Kh2 Rg6 35.h4 Rf7 0-1

[Event "XXIII Festival A"]
[Site "Arco ITA"]
[Date "2001.10.21"]
[Round "2"]
[White "De Santis, Alessio"]
[Black "Sulava, Nenad"]
[Result "1/2-1/2"]
[WhiteElo "2345"]
[BlackElo "2553"]
[PlyCount "153"]
[EventDate "2001.10.20"]

1.d4 g6 2.c4 Bg7 3.Nc3 c5 4.d5 Bxc3+ 5.bxc3 f5 6.Nf3 Nf6 7.h4 d6 8.Qb3 Qa5
9.Bg5 Nbd7 10.Rc1 h6 11.Bf4 Nb6 12.Nd2 Bd7 13.f3 Nh5 14.Bh2 f4 15.Kf2 
O-O-O 16.e4 e5 17.dxe6 Bxe6 18.Rb1 g5 19.hxg5 hxg5 20.Be2 Rh7 21.Bg1 Rdh8 
22.Bd3 Rh6 23.Ke1 Nf6 24.Rxh6 Rxh6 25.Kf2 Nfd7 26.g3 Ne5 27.Be2 Kb8 28.Rb2
Bc8 29.gxf4 gxf4 30.Kg2 Na4 31.Rc2 Qd8 32.Bh2 Qh4 33.Nf1 Nb6 34.Qb1 Qh3+ 
35.Kf2 Qh4+ 36.Kg1 Nexc4 37.Bxc4 Nxc4 38.Rg2 Qh5 39.Qd3 Ne5 40.Qd5 Nxf3+ 
41.Kf2 Ne5 42.Rg8 Ng4+ 43.Kg1 Qxd5 44.exd5 Nxh2 45.Nxh2 Rh3 46.Rg6 Kc7 47.
Rg7+ Kb6 48.Rg6 Rg3+ 49.Rxg3 fxg3 50.Nf1 Kb5 51.Nxg3 Kc4 52.Kf2 Kxd5 53.
Ke3 Ke5 54.Ne4 Be6 55.a3 Bf5 56.Nd2 b5 57.Kf3 Kd5 58.Ke3 Bc2 59.Ke2 a5 60.
Ke1 c4 61.Nf3 Bf5 62.Kd2 Bd7 63.Nd4 Ke4 64.Nc2 d5 65.Nd4 b4 66.axb4 axb4 
67.Nc2 b3 68.Nd4 Ba4 69.Kc1 Ke3 70.Kb2 Bd7 71.Kc1 Kf2 72.Kb2 Ke1 73.Kc1 
Bg4 74.Nc6 Ke2 75.Nd4+ Kd3 76.Kb2 Bd7 77.Nf3 1/2-1/2

[Event "XXIII Festival A"]
[Site "Arco ITA"]
[Date "2001.10.21"]
[Round "2"]
[White "Egartner, Wolfgang"]
[Black "Casagrande, Fabio"]
[Result "1/2-1/2"]
[WhiteElo "2164"]
[BlackElo "2054"]
[PlyCount "86"]
[EventDate "2001.10.20"]

1.d4 Nf6 2.Nf3 e6 3.g3 d5 4.c4 Be7 5.Bg2 O-O 6.O-O dxc4 7.Qc2 a6 8.a4 Bd7 
9.Qxc4 Bc6 10.Bg5 Nbd7 11.Nc3 Nb6 12.Qd3 Nbd5 13.Ne5 Nb4 14.Nxc6 Nxc6 15.
Rfd1 Nd5 16.Bxe7 Ncxe7 17.Rac1 c6 18.e4 Nf6 19.e5 Nfd5 20.Ne4 Qb6 21.Ng5 
Ng6 22.h4 h6 23.h5 hxg5 24.hxg6 f5 25.exf6 Rxf6 26.Rd2 Ne7 27.Re1 Nxg6 28.
Bh3 Nf8 29.Rde2 Rd8 30.Bxe6+ Nxe6 31.Rxe6 Rdf8 32.Rxf6 Rxf6 33.Qc4+ Kf8 
34.Qe2 Qd8 35.Qe4 Kf7 36.Qg4 Qd6 37.Re5 b5 38.axb5 axb5 39.Qh5+ Kg8 40.
Qe8+ Rf8 41.Qe6+ Qxe6 42.Rxe6 Rd8 43.Rxc6 Rxd4 1/2-1/2

[Event "XXIII Festival A"]
[Site "Arco ITA"]
[Date "2001.10.21"]
[Round "2"]
[White "Fercec, Nenad"]
[Black "Luciani, Carlo"]
[Result "1-0"]
[WhiteElo "2458"]
[BlackElo "2241"]
[PlyCount "57"]
[EventDate "2001.10.20"]

1.e4 e5 2.Nf3 Nc6 3.Bb5 a6 4.Ba4 Nf6 5.O-O Nxe4 6.d4 b5 7.Bb3 d5 8.dxe5 
Be6 9.Nbd2 Nc5 10.c3 Bg4 11.Bc2 Qd7 12.h3 Bh5 13.Re1 Rd8 14.Nf1 d4 15.Ng3 
Bg6 16.Nxd4 Nxd4 17.cxd4 Qxd4 18.Qxd4 Rxd4 19.Nf5 Rd7 20.g4 h5 21.Be3 hxg4
22.hxg4 Nd3 23.Re2 Bxf5 24.gxf5 c5 25.a4 c4 26.axb5 axb5 27.b3 Rh5 28.bxc4
bxc4 29.Ra8+ 1-0

[Event "XXIII Festival A"]
[Site "Arco ITA"]
[Date "2001.10.21"]
[Round "2"]
[White "Friedrich, Norbert"]
[Black "Murey, Jacob I."]
[Result "1/2-1/2"]
[WhiteElo "2277"]
[BlackElo "2475"]
[PlyCount "135"]
[EventDate "2001.10.20"]

1.e4 c5 2.Nf3 Nf6 3.Nc3 Nc6 4.d4 cxd4 5.Nxd4 Rb8 6.Be2 e5 7.Ndb5 d6 8.a4 
a6 9.Na3 Be6 10.O-O Be7 11.Re1 O-O 12.Bc4 h6 13.Nd5 Nd4 14.Nxf6+ Bxf6 15.
c3 Nc6 16.Bxe6 fxe6 17.Qg4 Kf7 18.Be3 d5 19.Bc5 Re8 20.Rad1 b6 21.Be3 d4 
22.Nc2 b5 23.cxd4 exd4 24.Nxd4 Nxd4 25.Bxd4 Bxd4 26.e5 bxa4 27.Rxd4 Qc8 
28.Red1 Re7 29.Rc4 Rc7 30.Rxc7+ Qxc7 31.Qxa4 Qxe5 32.Qxa6 Rxb2 33.Qa7+ Kg6
34.Qe3 Qxe3 35.fxe3 Re2 36.Rd3 Kf6 37.Kf1 Ra2 38.Rd7 h5 39.Rd4 g5 40.Rb4 
g4 41.Rc4 Ra5 42.Kf2 Kg5 43.Rb4 Ra2+ 44.Kf1 e5 45.Re4 Ra5 46.Kf2 Rb5 47.
Kf1 h4 48.Kf2 Kf5 49.Ra4 Rb2+ 50.Kf1 h3 51.gxh3 gxh3 52.Rh4 Rxh2 53.Kg1 
Kg5 54.Re4 Rg2+ 55.Kf1 Kf5 56.Rh4 Rh2 57.Kg1 Ra2 58.e4+ Kg5 59.Rxh3 Kf4 
60.Kf1 Kxe4 61.Ke1 Kd4 62.Rb3 Rc2 63.Rg3 e4 64.Rh3 Rg2 65.Ra3 Rh2 66.Rg3 
Ke5 67.Ra3 Kf4 68.Rb3 1/2-1/2